Židovské osudy

Bibliographic Details
Main Author: Androvičová, Elena, 1924-1997 (Author)
Format: Book
Language:Slovak
PhysicalDescription:131 s. 19 cm
Published: Bratislava [Anna Pašteková] 2000
Subjects:

MARC

LEADER 00000nam a2200000 a 4500
001 vtls001410417
003 SK-MaSNL
005 20260301202204.0
008 240314s2000 xo a rc 0 slo
035 |a SNK000365111 
040 |a SNK  |b slo  |c SNK  |e AACR2 
044 |a xo  |c SK 
080 |a 323.12"1939-1945"  |2 2001 
080 |a (=411.16)  |2 2001 
080 |a 821.162.4  |2 2001 
100 1 |a Androvičová, Elena,  |d 1924-1997  |4 aut  |9 40124 
245 1 0 |a Židovské osudy  |c Elena Androvičová 
260 |a Bratislava  |b [Anna Pašteková]  |c 2000 
300 |a 131 s.  |c 19 cm 
648 7 |a 1929-1933  |2 SNK  |9 455232 
650 0 7 |a Židia  |z Slovensko  |2 SNK  |9 16175 
650 0 7 |a holokaust (1939-1945)  |2 agk  |9 160313 
650 0 7 |a autobiografické príbehy  |2 agk  |9 316521 
651 7 |a Galanta (Slovensko)  |2 SNK  |9 15687 
651 7 |a Sereď (Slovensko)  |2 SNK  |9 59452 
999 |c 897901  |d 899831 
952 |t P60, <04>, [BOOK], {604}  |a SNK  |b SNK  |y VYP  |7 0  |p 17A0298001  |o snkSD 71495 D1  |i snkK 467/2001  |0 0  |1 0  |4 0  |d 2001-04-20  |l 0  |r 2005-01-02 00:00:00  |w 2026-02-24 
952 |t P60, <03>, [BOOK], {603}  |a SNK  |b SNK  |y PREZ  |7 0  |p 17A0298004  |o snkSD 71495  |i snkK 466/2001  |0 0  |1 0  |4 0  |d 2001-04-20  |l 0  |r 2005-01-02 00:00:00  |w 2026-02-24 
952 |t P60, <09>, [BOOK], {629}  |a SNK  |b SNK  |y NEVYP  |7 0  |o snkD 34  |i snk519/20010524  |0 0  |1 0  |4 0  |d 2001-05-21  |l 0  |r 2005-01-02 00:00:00  |w 2026-02-24